Nationality of Mt. Everest Climbers Quiz Stats

 Plays Quiz Updated Dec 14, 2017

Also try: Mountain Countries
Challenge
Share
Tweet
Embed
Score 0/41 Timer 04:00
2 Plays Today
Ascents Country % Correct
536United States
98.7%
299China
97.6%
264United Kingdom
94%
118Russia
93.6%
95France
93.3%
50Germany
92.5%
87Canada
92.1%
152India
91.2%
169Japan
90%
2264Nepal
89.4%
91Spain
87.8%
69Italy
87.3%
71Australia
86%
41Mexico
85.5%
17Sweden
83.7%
10Brazil
82.3%
31Norway
81.4%
16Finland
78.3%
49Switzerland
77.4%
66New Zealand
73.8%
38Austria
73.4%
Ascents Country % Correct
33Poland
71.7%
14Denmark
67.4%
30South Africa
66.7%
10Greece
64.7%
21Ireland
64.1%
118South Korea
62.8%
16Netherlands
61.8%
17Turkey
61.4%
13Chile
58.6%
13Belgium
57.4%
16Ukraine
56.1%
15Iran
54.8%
10Czechia
51.7%
11Colombia
41.8%
23Kazakhstan
33.9%
12Bulgaria
28.9%
17Slovenia
28.1%
16Malaysia
24.6%
12Uzbekistan
22%
10Georgia
19.5%

You're not logged in!

Compare scores with friends on all Sporcle quizzes.
Join for Free
OR
Log In

You Might Also Like...

Show Comments

Extras

Top Quizzes Today


Score Distribution

Your Account Isn't Verified!

In order to create a playlist on Sporcle, you need to verify the email address you used during registration. Go to your Sporcle Settings to finish the process.

Report this User

Report this user for behavior that violates our Community Guidelines.

Details: